| 000 | 00530nam a2200169 4500 | ||
|---|---|---|---|
| 001 | 144511 | ||
| 003 | ES-MaACL | ||
| 005 | 20230906201032.0 | ||
| 007 | t| | ||
| 008 | 070214s1963 sp r ||||1| spa d | ||
| 100 | 1 |
_aSkaife, S. H. _9106733 |
|
| 245 | 1 | 4 |
_aLas hormigas / _cS. H. Skaife ; traducción... y notas por Baldomero Sánchez Cuenca. |
| 260 |
_aMadrid : _bAguilar, _c1963 ( _fPueyo) |
||
| 300 |
_aXVI, 221 p. : _bil. ; _c21 cm. |
||
| 700 | 1 |
_aSánchez Cuenca, Baldomero. _9102562 |
|
| 852 |
_aES-MaACL _jC-25130 _bR.54039 |
||
| 999 |
_c144511 _d144511 |
||